Normal view
MARC view
- Roads
Entry Topical Term
001 - CONTROL NUMBER
- control field: 20147
003 - CONTROL NUMBER IDENTIFIER
- control field: NUST
005 - DATE AND TIME OF LATEST TRANSACTION
- control field: 20190911051517.0
008 - FIXED-LENGTH DATA ELEMENTS
- fixed length control field: 190911|| aca||aabn | a|a d
040 ## - CATALOGING SOURCE
- Original cataloging agency: NUST
- Transcribing agency: NUST
150 ## - HEADING--TOPICAL TERM
- Topical term or geographic name entry element: Roads
- General subdivision: Economic aspects.
670 ## - SOURCE DATA FOUND
- Source citation: Work cat.: (NUST)0: Winfrey, Robley, 1899- 20146, Summary and evaluation of economic consequences of highway improvements, 1971.
